Eastern Utah Libraries Catalog: Duchesne, Heber, Roosevelt, & Vernal

Fargo. Season 3. (Record no. 305244)

MARC details
000 -LEADER
fixed length control field 03461ngm a2200673Mi 4500
001 - CONTROL NUMBER
control field on1014011831
003 - CONTROL NUMBER IDENTIFIER
control field OCoLC
005 - DATE AND TIME OF LATEST TRANSACTION
control field 20251215110413.0
007 - PHYSICAL DESCRIPTION FIXED FIELD--GENERAL INFORMATION
fixed length control field vd cvaizq
008 - FIXED-LENGTH DATA ELEMENTS--GENERAL INFORMATION
fixed length control field 171025s2017 cau520 vleng d
020 ## - INTERNATIONAL STANDARD BOOK NUMBER
Terms of availability 19.99
024 1# - OTHER STANDARD IDENTIFIER
Standard number or code 024543412052
028 42 - PUBLISHER NUMBER
Publisher number 2341025
Source Twentieth Century Fox Home Entertainment
035 ## - SYSTEM CONTROL NUMBER
System control number (OCoLC)1014011831
037 ## - SOURCE OF ACQUISITION
Source of stock number/acquisition Midwest Tape
Note http://www.midwesttapes.com
040 ## - CATALOGING SOURCE
Original cataloging agency SMP
Language of cataloging eng
Description conventions rda
Transcribing agency SMP
Modifying agency WACOL
041 1# - LANGUAGE CODE
Language code of text/sound track or separate title eng
-- spa
Language code of original and/or intermediate translations of text eng
043 ## - GEOGRAPHIC AREA CODE
Geographic area code n-us-sd
-- n-us-mn
049 ## - LOCAL HOLDINGS (OCLC)
Holding library WACL
050 #4 - LIBRARY OF CONGRESS CALL NUMBER
Classification number PN1992.77
Item number .F37 2017
082 04 - DEWEY DECIMAL CLASSIFICATION NUMBER
Classification number 791.45/75
Edition number 23
092 ## - LOCALLY ASSIGNED DEWEY CALL NUMBER (OCLC)
Classification number DVD
Item number Far
245 00 - TITLE STATEMENT
Title Fargo. Season 3.
264 #1 - Production, Publication, Distribution, Manufacture, and Copyright Notice.
Place of production, publication, distribution, manufacture [Beverly Hills, California] :
Name of producer, publisher, distributor, manufacturer Twentieth Century Fox Home Entertainment,
Date of production, publication, distribution, manufacture, or copyr [2017]
300 ## - PHYSICAL DESCRIPTION
Extent 4 videodiscs (520 min.) :
Other physical details sound, color ;
Dimensions 4 3/4 in.
336 ## - Content Type
Content type term two-dimensional moving image
337 ## - Media type
Media type term video
338 ## - Carrier type
Carrier type term videodisc
500 ## - GENERAL NOTE
General note Title from sell sheet.
500 ## - GENERAL NOTE
General note Originally broadcast as single episodes of a television program.
500 ## - GENERAL NOTE
General note Wide screen (1.78:1).
500 ## - GENERAL NOTE
General note Special features: First look -- Ray and Nikki -- Emmit Stussy and Sy Feltz -- One actor, two characters -- Gloria Burgle -- Varga -- Anatomy of a scene -- The digital age -- Connectivity and references -- Locations -- Noah Hawley.
505 0# - FORMATTED CONTENTS NOTE
Formatted contents note Disc 1: The law of vacant places -- The principle of restricted choice.
505 0# - FORMATTED CONTENTS NOTE
Formatted contents note Disc 2: The law of non-contradiction -- The narrow escape problem.
505 0# - FORMATTED CONTENTS NOTE
Formatted contents note Disc 3: The Lord of no mercy -- the law of the inevitability -- Who rules the land of denial.
505 0# - FORMATTED CONTENTS NOTE
Formatted contents note Disc 4: Aporia -- Somebody to love.
511 1# - PARTICIPANT OR PERFORMER NOTE
Participant or performer note Kirsten Dunst, Jesse Plemons, Ted Danson, Patrick Wilson, Nick Offerman.
520 ## - SUMMARY, ETC.
Summary, etc Okey-dokey, watcha got here is the darkly humorous and utterly riveting third season. Ewan McGregor gives one heckuva performance in dual roles as the ₁Parking Lot King of Minnesota,₂ Emmit Stussy, and his younger brother, Ray, a potbellied parole officer with a big chip on his shoulder. The only bright spot in Ray₂s life is Nikki, a not-so-good woman with brains, beauty and a passion for competitive bridge.
538 ## - SYSTEM DETAILS NOTE
System details note DVD, wide screen (1.78:1); Dolby digital 5.1.
546 ## - LANGUAGE NOTE
Language note English or Spanish dialogue; Spanish or French subtitles; subtitled for the deaf and hard of hearing (SDH).
650 #0 - SUBJECT ADDED ENTRY--TOPICAL TERM
Topical term or geographic name as entry element Police
Geographic subdivision South Dakota
-- Sioux Falls
Form subdivision Drama.
9 (RLIN) 6491102
650 #0 - SUBJECT ADDED ENTRY--TOPICAL TERM
Topical term or geographic name as entry element Criminals
Geographic subdivision South Dakota
-- Sioux Falls
Form subdivision Drama.
9 (RLIN) 6491103
650 #0 - SUBJECT ADDED ENTRY--TOPICAL TERM
Topical term or geographic name as entry element Police
Geographic subdivision Minnesota
-- Luverne
Form subdivision Drama.
9 (RLIN) 6491104
650 #0 - SUBJECT ADDED ENTRY--TOPICAL TERM
Topical term or geographic name as entry element Criminals
Geographic subdivision Minnesota
-- Luverne
Form subdivision Drama.
9 (RLIN) 6491105
655 #7 - INDEX TERM--GENRE/FORM
Genre/form data or focus term Television series.
Source of term lcgft
9 (RLIN) 5674288
655 #7 - INDEX TERM--GENRE/FORM
Genre/form data or focus term Television crime shows.
Source of term lcgft
9 (RLIN) 5706353
655 #7 - INDEX TERM--GENRE/FORM
Genre/form data or focus term Television cop shows.
Source of term lcgft
9 (RLIN) 5686173
655 #7 - INDEX TERM--GENRE/FORM
Genre/form data or focus term Fiction television programs.
Source of term lcgft
9 (RLIN) 5673656
655 #0 - INDEX TERM--GENRE/FORM
Genre/form data or focus term Video recordings for the hearing impaired.
9 (RLIN) 5958679
700 1# - ADDED ENTRY--PERSONAL NAME
Personal name Dunst, Kirsten,
Dates associated with a name 1982-
Relator term actor.
9 (RLIN) 62148
700 1# - ADDED ENTRY--PERSONAL NAME
Personal name Plemons, Jesse,
Dates associated with a name 1988-
Relator term actor.
9 (RLIN) 5943291
700 1# - ADDED ENTRY--PERSONAL NAME
Personal name Danson, Ted,
Dates associated with a name 1947-
Relator term actor.
9 (RLIN) 30599
700 1# - ADDED ENTRY--PERSONAL NAME
Personal name Wilson, Patrick,
Dates associated with a name 1973-
Relator term actor.
9 (RLIN) 69599
710 2# - ADDED ENTRY--CORPORATE NAME
Corporate name or jurisdiction name as entry element Twentieth Century Fox Home Entertainment, Inc,
Relator term publisher.
9 (RLIN) 61951
730 02 - ADDED ENTRY--UNIFORM TITLE
Uniform title Fargo (Television program).
Number of part/section of a work Season 3.
9 (RLIN) 5958680
730 02 - ADDED ENTRY--UNIFORM TITLE
Uniform title Fargo (Television program).
Number of part/section of a work Season 3.
Language of a work Spanish.
9 (RLIN) 5958681
942 ## - ADDED ENTRY ELEMENTS (KOHA)
Koha item type DVD
Source of classification or shelving scheme Dewey Decimal Classification
948 ## - LOCAL PROCESSING INFORMATION (OCLC); SERIES PART DESIGNATOR (RLIN)
Series part designator, SPT (RLIN) 12/06/2017
z (OCLC) Sirsi
Holdings
Withdrawn status Lost status Source of classification or shelving scheme Materials specified (bound volume or other part) Damaged status Not for loan Collection code Home library Current library Shelving location Date acquired Source of acquisition Cost, normal purchase price Total Checkouts Total Renewals Full call number Barcode Date last seen Date checked out Cost, replacement price Price effective from Koha item type
    Dewey Decimal Classification .CIRCNOTE. 4 discs     Television Series Wasatch County Library Wasatch County Library Audio Visual Area 12/06/2017 Amazon 19.95 32 16 TV Series Fargo #3 34301001517665 08/06/2025 07/31/2025 19.95 03/20/2020 DVD Series
This project was made possible through a grant from the Institute of Museum and Library Service administered by the Utah State Library Division.

Wasatch County Library

  • 465 East 1200 South, Heber City, Utah 84032
  • Phone 435-654-1511 | Fax 435-654-6456

Hours

  • Monday - Friday 9:30 AM - 8:00 PM
  • Saturday 9:30 AM - 1:30 PM
  • Closed Sundays and Holidays